000 00417nam a2200169Ia 4500
003 Ost
005 20260225132600.0
008 260225s9999||||xx |||||||||||||| ||und||
020 _a9782343052106
040 _cfsic
041 _afre
082 _a70.4
100 _aAlemanno،Sylvie
_eAuteur
245 0 _aCommunication organisation management et numérique /
245 0 _cAlemanno،Sylvie
942 _cكتاب
999 _c34718
_d34718